[Event "AUT-chT2O 9697"]
[Site "Austria"]
[Date "1997.??.??"]
[Round "9"]
[White "Voegel, Wolfgang"]
[Black "Wallner, Alfred"]
[Result "0-1"]
[WhiteElo "2235"]
[BlackElo "2185"]

1.d4 Nf6 2.c4 g6 3.Nc3 Bg7 4.e4 d6 5.Nf3 O-O 6.Be2 e5 7.O-O Nc6 8.d5 Ne7
9.b4 a5 10.bxa5 c5 11.Qc2 Rxa5 12.a4 Ne8 13.Bd2 Kh8 14.Nb5 Ra6 15.Rfb1 Ng8
16.Rb3 Bd7 17.Qb2 Qe7 18.Nc3 Bc8 19.a5 Bh6 20.Na4 Nef6 21.Nb6 Nxe4 22.Bxh6 Nxh6
23.Nxc8 Rxc8 24.Rxb7 Rc7 25.Rb8+ Kg7 26.Bd3 Nf6 27.Nd2 Rca7 28.Rb5 Nh5 29.g3 Nf6
30.Qc3 Nhg8 31.Re1 Qd8 32.Nb3 Nd7 33.Bf1 f5 34.f4 Qf6 35.fxe5 Nxe5 36.Nxc5 dxc5
37.Rxe5 Nh6 38.Rb6 Rxb6 39.axb6 Rb7 40.Be2 Nf7 41.Re3 Qxc3 42.Rxc3 Rxb6 43.Ra3 Rb2
44.Kf2 Kf6 45.Ra5 Nd6 46.Ke3 Rb3+ 47.Kf2 Ke5 48.Ra7 Ne4+ 49.Kg2 Kd4 50.Ra2 Nc3
51.Rc2 Ke3 52.Bf3 Kd3 53.Rf2 Rb6 54.h4 Rd6 55.g4 fxg4 56.Bxg4 Kxc4 57.Rf7 h5
58.Bh3 Nxd5 59.Rd7 Rxd7 60.Bxd7 Kd3 61.Kf3 c4 62.Be8 Ne7 63.Bb5 Nf5 64.Kf4 Nxh4
65.Kg5 Nf3+  0-1

[Event "Bad Homburg"]
[Site "Bad Homburg"]
[Date "1997.??.??"]
[Round "3"]
[White "Xu Jun"]
[Black "Sutovskij, Emil"]
[Result "1-0"]
[WhiteElo "2505"]
[BlackElo "2590"]

1.d4 Nf6 2.c4 g6 3.Nc3 Bg7 4.e4 d6 5.Nf3 O-O 6.Be2 e5 7.O-O Nc6 8.d5 Ne7
9.b4 Nh5 10.Re1 Nf4 11.Bf1 a5 12.bxa5 Rxa5 13.a4 f5 14.Nd2 fxe4 15.Ndxe4 Nf5
16.Nb5 Nd4 17.Nxd4 exd4 18.Bxf4 Rxf4 19.Qd2 Rxe4 20.Qxa5 Rf4 21.Qd2 Rf8 22.a5 Qh4
23.g3 Qh5 24.Re7 Qf3 25.Rxc7 Bf5 26.Rxg7+ Kxg7 27.Qxd4+ Kg8 28.Re1 Bd7 29.Re7 Rf7
30.Rxf7 Kxf7 31.Qb6 Bf5 32.Qxb7+ Kg8 33.Qb8+ Kf7 34.Qxd6 g5 35.Qc7+  1-0

[Event "Bad Woerishofen op"]
[Site "Bad Woerishofen"]
[Date "1997.??.??"]
[Round "9"]
[White "Wells, Peter K"]
[Black "Siebrecht, Sebastian"]
[Result "1/2-1/2"]
[WhiteElo "2495"]
[BlackElo "2380"]

1.d4 Nf6 2.c4 g6 3.Nc3 Bg7 4.e4 d6 5.Nf3 O-O 6.Be2 e5 7.O-O Nc6 8.d5 Ne7
9.Ne1 Ne8 10.f4 exf4 11.Bxf4 h6 12.Be3 f5 13.Bd4 Nf6 14.e5 dxe5 15.Bxe5 g5
16.Nb5 c6 17.dxc6 Nxc6 18.Bd6 Rf7 19.c5 Be6 20.Nc2 Ne4 21.Ncd4 Nxd4 22.Nxd4 Bxd4+
23.Qxd4 Nxd6 24.cxd6 Qf6 25.Qb4 Rd8 26.Rad1 Kg7 27.Rfe1 f4 28.Bh5 Rfd7 29.h3 Bf7
30.Bxf7 Rxf7 31.Rd3 Rfd7 32.Re7+ Kf8 33.Rxd7 Rxd7 34.Qc4 Kg7 35.Qc8 Qe6 36.Qc3+ Kf7
37.Kh2 Qxa2 38.Qh8 Kg6 39.b3 Qe2 40.Qg8+ Kf6 41.Qf8+ Kg6 42.Qg8+ Kf6 43.Qh8+ Kg6
44.Qg8+ Kf6 45.Qf8+ Kg6 46.Qg8+ Kf6  1/2-1/2

[Event "Bad Zwesten op"]
[Site "Bad Zwesten"]
[Date "1997.??.??"]
[Round "2"]
[White "Epishin, Vladimir"]
[Black "Trisic, Alexandar"]
[Result "1-0"]
[WhiteElo "2600"]
[BlackElo "2245"]

1.d4 Nf6 2.c4 g6 3.Nc3 Bg7 4.e4 d6 5.Nf3 O-O 6.Be2 e5 7.O-O Nc6 8.d5 Ne7
9.b4 Nh5 10.Re1 h6 11.Nd2 Nf4 12.Bf1 f5 13.c5 fxe4 14.Ndxe4 Nf5 15.g3 Nh5
16.Bg2 Nd4 17.Be3 Nf6 18.Nxf6+ Rxf6 19.f4 Nf5 20.fxe5 Rf8 21.Bf2 Bxe5 22.Rc1 Qf6
23.Ne4 Qg7 24.Kh1 h5 25.Qd2 Nh6 26.Bg1 h4 27.gxh4 Rf4 28.cxd6 cxd6 29.Ng5 Bg4
30.Re4 Raf8 31.Be3 Rxe4 32.Bxe4 Nf5 33.Ne6 Qh8 34.Nxf8 Qxh4 35.Nxg6 Qh3 36.Bf4  1-0

[Event "Stadtcasino op"]
[Site "Baden"]
[Date "1997.??.??"]
[Round "?"]
[White "Tukmakov, Vladimir B"]
[Black "Hitzgerova, Gabriela"]
[Result "1-0"]
[WhiteElo "2585"]
[BlackElo "2170"]

1.d4 Nf6 2.Nf3 g6 3.c4 Bg7 4.Nc3 d6 5.e4 O-O 6.Be2 e5 7.O-O Nc6 8.d5 Ne7
9.b4 Nh5 10.Re1 f5 11.Ng5 Nf6 12.Bf3 c6 13.Bb2 Bh6 14.Ne6 Bxe6 15.dxe6 fxe4
16.Nxe4 Nf5 17.Nxf6+ Qxf6 18.c5 Qxe6 19.cxd6 Bg7 20.b5 Nh4 21.Be4 Qf6 22.Re2 Rab8
23.Rc1 Qg5 24.bxc6 bxc6 25.Rxc6 Rb4 26.d7 Kh8 27.g3 Bf6 28.Bc1 Qg4 29.Rxf6  1-0

[Event "Stadtcasino op"]
[Site "Baden"]
[Date "1997.??.??"]
[Round "?"]
[White "Sher, Miron N"]
[Black "Hitzgerova, Gabriela"]
[Result "1-0"]
[WhiteElo "2470"]
[BlackElo "2170"]

1.c4 Nf6 2.Nc3 g6 3.e4 d6 4.d4 Bg7 5.Nf3 O-O 6.Be2 e5 7.O-O Nc6 8.d5 Ne7
9.b4 Nh5 10.Re1 f5 11.Ng5 Nf6 12.Bf3 h6 13.Ne6 Bxe6 14.dxe6 c6 15.Bb2 fxe4
16.Nxe4 Nf5 17.b5 Rc8 18.Ba3 Nxe4 19.Bxe4 Nd4 20.Bxg6 Rf6 21.Bf7+ Kh8 22.bxc6 Rxc6
23.Qxd4 exd4 24.e7 Qxe7 25.Rxe7  1-0

[Event "Stadtcasino op"]
[Site "Baden"]
[Date "1997.??.??"]
[Round "?"]
[White "Sher, Miron N"]
[Black "Torricelli, Arnold"]
[Result "1-0"]
[WhiteElo "2470"]
[BlackElo "2135"]

1.c4 Nf6 2.Nc3 g6 3.e4 d6 4.d4 Bg7 5.Nf3 O-O 6.Be2 e5 7.O-O Nc6 8.d5 Ne7
9.b4 Nd7 10.a4 f5 11.Ng5 Nf6 12.Bf3 c6 13.Ra3 Ne8 14.Be2 h6 15.Nf3 f4 16.a5 g5
17.h3 Ng6 18.dxc6 bxc6 19.b5 cxb5 20.cxb5 Be6 21.Nh2 Nf6 22.Ng4 Nh4 23.Nxf6+ Qxf6
24.Nd5 Qd8 25.Bg4 Bf7 26.b6 axb6 27.axb6 Rxa3 28.Bxa3 Kh8 29.b7 Qb8 30.Qb3 Rd8
31.Rc1 Qa7 32.Rc8  1-0

[Event "Regionalliga NO9798"]
[Site "Bayern"]
[Date "1997.??.??"]
[Round "?"]
[White "Stuermer, Martin"]
[Black "Boca, Harald"]
[Result "1/2-1/2"]
[WhiteElo "1900"]
[BlackElo "1965"]

1.Nf3 Nf6 2.c4 g6 3.Nc3 Bg7 4.d4 O-O 5.e4 d6 6.Be2 e5 7.O-O Nc6 8.d5 Ne7
9.Bd2 Ne8 10.Qc1 f5 11.exf5 gxf5 12.Bh6 Ng6 13.Bxg7 Nxg7 14.b4 Bd7 15.Qd2 Nf4
16.Bd1 Qf6 17.Rc1 Qg6 18.Ne1 Rf7 19.Kh1 Ngh5 20.Ne2 Rg7 21.Nxf4 Nxf4 22.f3 h5
23.Rf2 h4 24.Nd3 Nh5 25.Bc2 Rh7 26.Kg1 Rf8 27.Kf1 Qg7 28.Ke2 e4 29.fxe4 Qg4+
30.Ke1 Re7 31.Nf4 Nf6 32.Qe2 Nxe4 33.Qxg4+ fxg4 34.Ng6 Nxf2+ 35.Nxe7+ Kf7
36.Ng6 g3 37.hxg3 hxg3 38.Nxf8 Kxf8 39.Bd1 Nd3+ 40.Kd2 Nxc1 41.Kxc1 a6 42.Bf3 Bf5
43.Kd2 Bb1 44.a3 Kg7 45.Ke3 Kf6 46.Kf4 b6 47.Be2 Ba2 48.Kxg3 Ke5  1/2-1/2

[Event "Regionalliga SO9798"]
[Site "Bayern"]
[Date "1997.??.??"]
[Round "?"]
[White "Juettner, Andreas"]
[Black "Huber, Michael"]
[Result "1-0"]
[WhiteElo "1975"]
[BlackElo "1625"]

1.d4 Nf6 2.Nf3 g6 3.c4 Bg7 4.Nc3 d6 5.e4 O-O 6.Be2 e5 7.O-O Nc6 8.d5 Ne7
9.b4 a5 10.bxa5 Nd7 11.Nd2 f5 12.Nb3 Nf6 13.f3 f4 14.c5 dxc5 15.Nxc5 Rxa5
16.Nb3 Ra8 17.a4 g5 18.Ba3 h5 19.Nb5 g4 20.d6 cxd6 21.Nxd6 Be6 22.Nc5 Bf7
23.Nxf7 Qxd1 24.Rfxd1 Kxf7 25.Bc4+ Kg6 26.Ne6 Rfc8 27.Bb5 Nc6 28.Rd6 Ne8
29.Rd7 Nd4 30.Nxd4 exd4 31.Bb2 Rd8 32.Rxb7 Rac8 33.Bd3 Be5 34.a5 Nd6 35.Rb6 Kg5
36.a6 Rc3 37.Bxc3 dxc3 38.Ra5 Kf6 39.Rc6 Rb8 40.Rd5 g3 41.hxg3 fxg3 42.f4 Bxf4
43.Rf5+ Ke6 44.Rxf4 Rb2 45.Rxc3  1-0

[Event "Regionalliga SO9697"]
[Site "Bayern"]
[Date "1997.??.??"]
[Round "?"]
[White "Riediger, Martin"]
[Black "Eckerl, Uwe"]
[Result "1-0"]
[WhiteElo "2230"]
[BlackElo "2200"]

1.d4 Nf6 2.c4 g6 3.Nc3 Bg7 4.e4 d6 5.Nf3 O-O 6.Be2 e5 7.O-O Nc6 8.d5 Ne7
9.Nd2 a5 10.a3 Ne8 11.Rb1 f5 12.b4 axb4 13.axb4 Nf6 14.c5 Bh6 15.cxd6 cxd6
16.f3 Be3+ 17.Kh1 Kh8 18.Nc4 Bxc1 19.Rxc1 Neg8 20.exf5 Bxf5 21.g4 Bc8 22.f4 exf4
23.Rxf4 g5 24.Rf2 Qe7 25.Qd4 Bd7 26.Rcf1 Kg7 27.h4 h6 28.Nb6 Rad8 29.Nxd7 Rxd7
30.Rf5 Rf7 31.hxg5 hxg5 32.Rxg5+ Kf8 33.Rgf5 Rc7 34.g5 Rxc3 35.Qxc3 Rh7+
36.Kg1 Qxe2 37.Rxf6+  1-0

[Event "Regionalliga NO9798"]
[Site "Bayern"]
[Date "1997.??.??"]
[Round "?"]
[White "Muehlbauer, Martin"]
[Black "Rieger, Martin"]
[Result "0-1"]
[WhiteElo "1925"]
[BlackElo "1950"]

1.d4 Nf6 2.c4 g6 3.Nc3 d6 4.e4 Bg7 5.Nf3 O-O 6.Be2 e5 7.O-O Nc6 8.d5 Ne7
9.Ne1 Nd7 10.Nd3 f5 11.f3 Nf6 12.Be3 f4 13.Bf2 g5 14.b4 Ng6 15.c5 Rf7 16.Nb2 h5
17.Nc4 Bf8 18.Rc1 g4 19.cxd6 cxd6 20.b5 g3 21.hxg3 fxg3 22.Bxg3 h4 23.Be1 Nh5
24.Bd3 Nhf4 25.Ne2 Rg7 26.Nxf4 Nxf4 27.Rc2 Bh3 28.Rff2 Bd7 29.Kh1 h3 30.g4 Bxb5
31.Nb2 Nxd3 32.Nxd3 Ba4 33.Qb1 Bxc2 34.Rxc2 Rf7 35.Qd1 Rc8 36.Rh2 Rh7 37.Qb3 Qf6
38.Qd1 a6 39.Nf2 Bh6 40.Nd3 Bf4 41.Rb2 Be3 42.Kh2 Bd4  0-1

[Event "Regionalliga NW9697"]
[Site "Bayern"]
[Date "1997.??.??"]
[Round "?"]
[White "Buechs, Martin"]
[Black "Herdin, Hans Ulrich"]
[Result "1-0"]
[WhiteElo "1890"]
[BlackElo "2050"]

1.e4 d6 2.c4 g6 3.d4 Bg7 4.Nc3 Nf6 5.Nf3 O-O 6.Be2 e5 7.O-O Nc6 8.d5 Ne7
9.Nd2 Nd7 10.b4 f5 11.f3 a5 12.bxa5 Rxa5 13.Nb3 Ra8 14.Be3 f4 15.Bf2 b6 16.a4 g5
17.a5 h5 18.axb6 Rxa1 19.Qxa1 cxb6 20.Nb5 Nc5 21.Bxc5 bxc5 22.Qa5 Ng6 23.Qxd8 Rxd8
24.Ra1 Bf6 25.Ra8 Be7 26.Na5 Kf7 27.Nc6 Rf8 28.Bd1 g4 29.Nxe7 Kxe7 30.Ra7+ Bd7
31.fxg4 h4 32.Ra6 Rb8 33.Be2 Bxb5 34.cxb5 Nf8 35.Ra7+ Nd7 36.Kf2 c4 37.Bxc4 Rc8
38.Be2 Rc3 39.g5 Kd8 40.g6 Nf6 41.Bf3 Rc2+ 42.Ke1 Ke8 43.b6 Rb2 44.b7 Kd8
45.g7 Kc7 46.Kd1 h3 47.gxh3 Rxh2 48.Bg4 Rg2 49.b8=Q+ Kxb8 50.Rf7 Rg1+ 51.Kc2  1-0

[Event "Regionalliga SW9798"]
[Site "Bayern"]
[Date "1997.??.??"]
[Round "?"]
[White "Christensen, Niels"]
[Black "Marschall, Josef"]
[Result "1-0"]
[WhiteElo "2005"]
[BlackElo "2085"]

1.d4 Nf6 2.c4 g6 3.Nc3 Bg7 4.e4 d6 5.Be2 O-O 6.Nf3 e5 7.O-O Nc6 8.d5 Ne7
9.b4 Nh5 10.c5 Nf4 11.Bxf4 exf4 12.Rc1 a6 13.Qd2 f5 14.Qxf4 fxe4 15.Qxe4 Nf5
16.Rfe1 Bd7 17.Qc4 Kh8 18.Ne4 dxc5 19.Nxc5 Bb5 20.Qe4 Re8 21.Ne6 Qf6 22.Rxc7 Qb2
23.Rc2 Rxe6 24.dxe6 Nd6 25.Rxb2 Nxe4 26.Bxb5 Bxb2 27.Bd7 Nf6 28.e7 Ne8 29.Ne5 Bc3
30.Re4 Kg7 31.Nc4 Bf6 32.a3 b5 33.Nb6 Rb8 34.Nc8 Kf7 35.Bxe8+ Kxe8 36.Nd6+  1-0

[Event "Regionalliga SW9697"]
[Site "Bayern"]
[Date "1997.??.??"]
[Round "?"]
[White "Katzer, Joachim"]
[Black "Wiest, Franz"]
[Result "0-1"]
[WhiteElo "1940"]
[BlackElo "2030"]

1.d4 Nf6 2.c4 g6 3.Nc3 Bg7 4.Nf3 d6 5.e4 O-O 6.Be2 Nc6 7.O-O e5 8.d5 Ne7
9.Nd2 Ne8 10.b4 f5 11.c5 a5 12.bxa5 dxc5 13.f3 Rxa5 14.Nb3 Ra8 15.Nxc5 b6
16.Nb3 f4 17.Bb2 g5 18.Nb5 Nd6 19.a4 Ba6 20.Nd2 Bxb5 21.Bxb5 Nxb5 22.axb5 Qd7
23.Qb3 Kh8 24.Nc4 Ng6 25.h3 h5 26.Ba3 Rfc8 27.Rfc1 g4 28.hxg4 hxg4 29.fxg4 Qxg4
30.Qf3 Qg5 31.Qh3+ Nh4 32.Kf2 Bf6 33.Rh1 Rg8 34.Rh2 Ra4 35.Be7 Qg3+ 36.Qxg3 fxg3+
37.Ke2 gxh2 38.Bxf6+ Kh7 39.Rh1 Rxg2+  0-1

[Event "Regionalliga SO9798"]
[Site "Bayern"]
[Date "1997.??.??"]
[Round "?"]
[White "Reischl, Markus"]
[Black "Lipok, Erik"]
[Result "0-1"]
[WhiteElo "2020"]
[BlackElo "2070"]

1.d4 Nf6 2.c4 g6 3.Nc3 Bg7 4.e4 d6 5.Nf3 O-O 6.Be2 e5 7.O-O Nc6 8.d5 Ne7
9.Nd2 Ne8 10.b4 f5 11.c5 Nf6 12.f3 f4 13.Nc4 g5 14.a4 Rf7 15.Ba3 Ng6 16.b5 Bf8
17.b6 cxb6 18.cxd6 Ne8 19.Nb5 Bd7 20.Nc7 Nxc7 21.dxc7 Qxc7 22.Rc1 Qd8 23.Qb3 Rc8
24.Rc3 Bc5+ 25.Bxc5 Rxc5 26.Rfc1 Be8 27.Na3 Rxc3 28.Rxc3 Kg7 29.Bb5 Bxb5
30.Nxb5 a6 31.Na3 Qd6 32.Qc4 Nf8 33.Nc2 Nd7 34.Ne1 Qc5+ 35.Kh1 Qf2 36.Rc1 Nc5
37.h3 h5 38.a5 g4 39.hxg4 hxg4 40.axb6 Kf6  0-1

[Event "Regionalliga SO9697"]
[Site "Bayern"]
[Date "1997.??.??"]
[Round "?"]
[White "Martin, Johann"]
[Black "Wirth, Wolfgang"]
[Result "1-0"]
[WhiteElo "1760"]
[BlackElo "1955"]

1.d4 Nf6 2.Nf3 g6 3.c4 Bg7 4.Nc3 O-O 5.e4 d6 6.Be2 e5 7.O-O Nc6 8.d5 Ne7
9.Nd2 Ne8 10.a3 f5 11.b4 Nf6 12.f3 Bh6 13.Nb3 Bxc1 14.Rxc1 f4 15.c5 g5 16.Nb5 Rf7
17.Qc2 Ng6 18.cxd6 cxd6 19.Nc7 Rb8 20.Ne6 Qb6+ 21.Kh1 Bxe6 22.dxe6 Rg7 23.Rfd1 h5
24.Na5 g4 25.Nc4 Qf2 26.Bf1 Qxc2 27.Rxc2 Nh4 28.Be2 d5 29.exd5 e4 30.Ne5 gxf3
31.gxf3 exf3 32.Bxf3 Ng4 33.Bxg4 hxg4 34.d6 g3 35.d7 g2+ 36.Kg1 Rf8 37.d8=Q Rxd8
38.Rxd8+ Kh7 39.Rd7  1-0

[Event "Regionalliga SW9697"]
[Site "Bayern"]
[Date "1997.??.??"]
[Round "?"]
[White "Uhlmann, Helge"]
[Black "Killinger, Wilhelm"]
[Result "0-1"]
[WhiteElo "2095"]
[BlackElo "2005"]

1.d4 Nf6 2.c4 g6 3.Nc3 Bg7 4.e4 O-O 5.Nf3 d6 6.Be2 e5 7.O-O Nc6 8.d5 Ne7
9.Ne1 Nd7 10.Nd3 h6 11.Be3 f5 12.f3 f4 13.Bf2 Nf6 14.c5 g5 15.Rc1 Ng6 16.cxd6 cxd6
17.Nb5 Rf7 18.Nxa7 Bd7 19.a4 Bf8 20.Nb5 Bxb5 21.axb5 Rg7 22.Rc4 h5 23.Kh1 Nh8
24.b6 g4 25.Bg1 Rc8 26.Qc2 Rxc4 27.Qxc4 h4 28.Rc1 h3 29.gxh3 g3 30.hxg3 Nh5
31.Kh2 fxg3+ 32.Kg2 Ng6 33.Be3 Nh4+ 34.Kg1 Qf6 35.Rf1 g2 36.Rf2 Rg3 37.Qc8 Nf4
38.Bxf4 exf4 39.Ne1 Qd4 40.Nd3 Qe3 41.Qe6+ Kg7 42.Qd7+ Kh8 43.Qf7 Ng6 44.Qf5 Bg7
45.e5 Bxe5 46.Qe4 Bd4 47.Qxe3 Bxe3 48.Bd1 Ne5  0-1

[Event "Regionalliga SW9697"]
[Site "Bayern"]
[Date "1997.??.??"]
[Round "?"]
[White "Uhlmann, Helge"]
[Black "Kneifel, Stefan"]
[Result "1-0"]
[WhiteElo "2100"]
[BlackElo "1940"]

1.d4 Nf6 2.Nf3 g6 3.c4 Bg7 4.Nc3 O-O 5.e4 d6 6.Be2 e5 7.O-O Nc6 8.Be3 Nh5
9.dxe5 dxe5 10.Qxd8 Nxd8 11.Nb5 Ne6 12.Nxa7 Nhf4 13.Rfe1 Nxe2+ 14.Rxe2 Nd4
15.Bxd4 exd4 16.Nxc8 Rfxc8 17.Ne1 d3 18.Nxd3 Rd8 19.Nb4 Rd4 20.a3 Rxc4 21.Rd1 Kf8
22.f3 c6 23.Kf1 Ra5 24.Red2 Rb5 25.b3 Rc3 26.Rd3 Rbc5 27.Rd8+ Ke7 28.R8d7+ Ke8
29.Rxb7  1-0

[Event "Oberliga Bayern9798"]
[Site "Bayern"]
[Date "1997.??.??"]
[Round "?"]
[White "Bromberger, Stefan"]
[Black "Gaso, Robert"]
[Result "1-0"]
[WhiteElo "2240"]
[BlackElo "2180"]

1.d4 Nf6 2.c4 g6 3.Nc3 Bg7 4.e4 d6 5.Nf3 O-O 6.Be2 e5 7.O-O Nc6 8.d5 Ne7
9.b4 a5 10.Ba3 axb4 11.Bxb4 Nd7 12.a4 Bh6 13.a5 f5 14.Bd3 Nf6 15.c5 fxe4
16.cxd6 cxd6 17.Nxe4 Nxe4 18.Bxe4 Bg4 19.Qd3 Rf6 20.a6 Bxf3 21.axb7 Rb8 22.Bxf3 Rxb7
23.Ba5 Qf8 24.Rab1 Ra7 25.Bb6 Ra4 26.Be4 Nc8 27.Bc7 Rd4 28.Qe2 Rf7 29.Ba5 Qe7
30.Rb8 Rf8 31.Rfb1 Qa7 32.Be1 Qc5 33.R8b7 Qc4 34.Qg4  1-0

[Event "Oberliga Bayern9697"]
[Site "Bayern"]
[Date "1997.??.??"]
[Round "?"]
[White "Haag, Wolfgang"]
[Black "Hochreiter, Josef"]
[Result "0-1"]
[WhiteElo "2305"]
[BlackElo "2270"]

1.d4 Nf6 2.c4 g6 3.Nc3 Bg7 4.e4 d6 5.Nf3 O-O 6.Be2 e5 7.O-O Nc6 8.Be3 Ng4
9.Bg5 f6 10.Bc1 Nh6 11.dxe5 fxe5 12.Qd5+ Kh8 13.c5 Bg4 14.Bg5 Qd7 15.cxd6 Bxf3
16.gxf3 cxd6 17.Nb5 Nf7 18.Be3 a6 19.Nc3 Nd4 20.Qc4 Qh3 21.f4 Rac8 22.Qd3 Nxe2+
23.Qxe2 Bh6 24.Nd5 Rc6 25.Rac1 Rxc1 26.Rxc1 Qh4 27.fxe5 Nxe5 28.f4 Ng4 29.Bd4+ Bg7
30.Bxg7+ Kxg7 31.Rc7+ Rf7 32.Rxf7+ Kxf7 33.Qd2 Nxh2 34.Qc3 Ng4 35.Qc7+ Ke8
36.Qc8+ Kf7 37.Qxb7+ Kf8 38.Qc8+ Kg7 39.Qc2 Qg3+ 40.Kf1 Nh2+ 41.Ke2 Qf3+
42.Kd2 Nf1+ 43.Ke1 Qh1 44.Qc3+ Kh6 45.Kf2 Nh2 46.Qh3+ Kg7 47.Qd7+ Kh6 48.Qh3+ Kg7
49.Ne3 h5 50.Qg2 Qc1 51.Qg1 Ng4+ 52.Kf3 Qxg1  0-1

[Event "BEL-chT9697"]
[Site "BEL"]
[Date "1997.??.??"]
[Round "1"]
[White "De Wolf, Johan"]
[Black "Hausrath, Daniel"]
[Result "0-1"]
[WhiteElo "2275"]
[BlackElo "2440"]

1.d4 Nf6 2.c4 g6 3.Nc3 Bg7 4.e4 d6 5.Nf3 O-O 6.Be2 e5 7.O-O Nc6 8.d5 Ne7
9.b4 a5 10.Ba3 Ne8 11.c5 axb4 12.Bxb4 Bh6 13.Nd2 f5 14.Nc4 Kh8 15.cxd6 cxd6
16.Nb5 Ra6 17.exf5 gxf5 18.a4 Ng6 19.Ra3 Rg8 20.a5 f4 21.Kh1 Nh4 22.Rg1 Bf5
23.Bd3 f3 24.Bxf5 fxg2+ 25.Rxg2 Rxg2 26.Be4 Rxf2 27.Qe1 Qf6 28.Ra1 Qf4  0-1

[Event "BEL-chT9697"]
[Site "BEL"]
[Date "1997.??.??"]
[Round "4"]
[White "Laurent, Bruno"]
[Black "Boeykens, Marc"]
[Result "1/2-1/2"]
[WhiteElo "2190"]
[BlackElo "2245"]

1.d4 Nf6 2.c4 g6 3.Nc3 Bg7 4.e4 d6 5.Nf3 O-O 6.Be2 e5 7.O-O Nc6 8.d5 Ne7
9.Re1 Nh5 10.b4 a5 11.bxa5 Rxa5 12.Nd2 Nf4 13.Nb3 Ra8 14.c5 f5 15.Bf1 fxe4
16.Nxe4 dxc5 17.d6 cxd6 18.Nxd6 Ned5 19.Nxc8 Rxc8 20.g3 Ne6 21.Bc4 Nd4 22.Nxd4 cxd4
23.Qb3 Rxc4 24.Qxc4 Kh8 25.Ba3 Rf7 26.Bb2 Qd7 27.Rac1 Rf8 28.Qc5 Qf7 29.Rf1 Qf3
30.Qa3 d3 31.Rcd1 Ne3 32.fxe3  1/2-1/2

[Event "BEL-chT9697"]
[Site "BEL"]
[Date "1997.??.??"]
[Round "7"]
[White "Becker, Dieter"]
[Black "Pelle, Guillaume"]
[Result "0-1"]
[WhiteElo "2070"]
[BlackElo "2170"]

1.d4 Nf6 2.c4 g6 3.Nc3 Bg7 4.e4 d6 5.Be2 O-O 6.Nf3 e5 7.O-O Nc6 8.d5 Ne7
9.Ne1 Nd7 10.Be3 f5 11.f3 f4 12.Bf2 g5 13.a4 Ng6 14.a5 h5 15.Nb5 Nf6 16.c5 g4
17.cxd6 cxd6 18.Nxa7 g3 19.Bb6 gxh2+ 20.Kh1 Qe7 21.Rc1 Rxa7 22.Bxa7 h4 23.Kxh2 h3
24.Rxc8 Rxc8 25.gxh3 Kf7 26.Rg1 Ra8 27.Bb6 Nh5 28.Qc2 Ng3 29.Bb5 Nh4 30.Qc7 Qxc7
31.Bxc7 Ke7 32.Bb6 Rc8 33.Bf2 Bh6 34.Bd3 Rc1 35.Bxg3 fxg3+ 36.Kxg3 Be3 37.Rf1 Ng6
38.Ng2 Bf4+ 39.Kg4 Rc8 40.h4 Rg8 41.Kh3 Bd2 42.Rf2 Bxa5 43.h5 Rh8 44.Kg4 Nf8
45.f4 Bb6 46.Rf1 Nd7 47.Nh4 Nf6+ 48.Kf3 Rxh5 49.fxe5 dxe5 50.Kg3 Rg5+ 51.Kh3 Nh5
52.Nf5+ Rxf5 53.exf5 Nf4+ 54.Kg4 Nxd3 55.Kg5 Kf7 56.d6 e4 57.Rh1 Bd8+ 58.f6 e3
59.Rh7+ Ke6 60.Rh3 Bxf6+ 61.Kh6 Bd4 62.Rh4  0-1

[Event "BEL-chT9697"]
[Site "BEL"]
[Date "1997.??.??"]
[Round "11"]
[White "Faybish, Nimrod"]
[Black "Le Quang, Kim"]
[Result "0-1"]
[WhiteElo "2225"]
[BlackElo "2235"]

1.d4 Nf6 2.Nf3 g6 3.c4 Bg7 4.Nc3 O-O 5.e4 d6 6.Be2 e5 7.O-O Nc6 8.d5 Ne7
9.b4 a5 10.bxa5 c5 11.Nd2 Rxa5 12.Nb3 Ra6 13.a4 Nd7 14.Be3 f5 15.f3 f4 16.Bf2 h5
17.Qd3 g5 18.Rfb1 Ng6 19.Kh1 Rf7 20.a5 Bf8 21.Na4 Rg7 22.Nb6 Nf6 23.Nxc8 Qxc8
24.Bf1 g4 25.Be1 Be7 26.Rb2 Nh7 27.Qc3 Bh4 28.Bxh4 Nxh4 29.Qc2 Qd8 30.Qf2 Qg5
31.Bd3  0-1

[Event "JUG-ch playoff"]
[Site "Belgrade"]
[Date "1997.??.??"]
[Round "2"]
[White "Ivanisevic, Ivan"]
[Black "Popovic, Petar"]
[Result "1-0"]
[WhiteElo "2450"]
[BlackElo "2545"]

1.d4 Nf6 2.c4 g6 3.Nc3 Bg7 4.Nf3 O-O 5.e4 d6 6.Be2 e5 7.O-O Nc6 8.d5 Ne7
9.b4 Nh5 10.Re1 a5 11.Ba3 Nf4 12.Bf1 axb4 13.Bxb4 Bg4 14.Re3 f5 15.h3 Bh5
16.Qb3 Bh6 17.Nh2 c5 18.dxc6 Nxc6 19.g4 Nxh3+ 20.Rxh3 fxg4 21.Rg3 Nd4 22.Qb2 Qh4
23.Bxd6 Bf4 24.Nd5 Bxg3 25.fxg3 Qxg3+ 26.Qg2 Qh4 27.Bxe5 Ra3 28.Qb2 g3 29.Bxd4 gxh2+
30.Qxh2 Rg3+ 31.Bg2 Qg5 32.Bf2 Rxf2 33.Kxf2 Qd2+ 34.Kxg3 Qg5+ 35.Kf2 Qd2+
36.Kg1 Qd4+ 37.Kh1 Qxa1+ 38.Qg1 Qe5 39.Qe3 Bg4 40.Qf4 Qh5+ 41.Kg1  1-0

[Event "Benasque op"]
[Site "Benasque"]
[Date "1997.??.??"]
[Round "8"]
[White "Sanchez, Nicolas"]
[Black "Sziva, Erika"]
[Result "1/2-1/2"]
[WhiteElo "2155"]
[BlackElo "2275"]

1.d4 Nf6 2.c4 g6 3.Nc3 Bg7 4.e4 d6 5.Be2 O-O 6.Nf3 e5 7.O-O Nc6 8.d5 Ne7
9.Ne1 Nd7 10.Nd3 f5 11.Bd2 Kh8 12.Qc2 Ng8 13.f3 f4 14.Nb5 a6 15.Na3 g5 16.c5 g4
17.fxg4 dxc5 18.Nxc5 Nxc5 19.Qxc5 Nf6 20.Bf3 Bxg4 21.Qf2 Bxf3 22.gxf3 Rg8
23.Kh1 b5 24.Rac1 Bf8 25.Ba5 Bd6 26.Rg1 Qe7 27.Rxg8+ Rxg8 28.b4 Nh5 29.Rg1 Bxb4
30.Bxb4 Qxb4 31.Qh4 Ng7 32.Qf6 Qd6 33.Qxd6 cxd6 34.Rc1 Ra8 35.Rc6 Ne8 36.Kg2 Kg7
37.Rb6 Ra7 38.Nc2 Rc7 39.Nb4 Rc4 40.Nxa6 Ra4 41.Nb8 Rxa2+ 42.Kg1 Rb2 43.Nc6 h6
44.Na7 Rb1+ 45.Kg2 Rb2+ 46.Kg1  1/2-1/2

[Event "Berliner Sommer"]
[Site "Berlin"]
[Date "1997.??.??"]
[Round "3"]
[White "Van Laatum, Gozewijn"]
[Black "Elsner, Thomas"]
[Result "1-0"]
[WhiteElo "2355"]
[BlackElo "2155"]

1.d4 Nf6 2.c4 g6 3.Nc3 Bg7 4.e4 d6 5.Nf3 O-O 6.Be2 e5 7.O-O Nc6 8.d5 Ne7
9.Nd2 Nd7 10.b4 f5 11.c5 Nf6 12.f3 f4 13.Nc4 Ne8 14.a4 g5 15.Ba3 Ng6 16.b5 Rf7
17.a5 Bf8 18.b6 cxb6 19.axb6 a6 20.c6 h5 21.Rb1 g4 22.fxg4 Qg5 23.gxh5 Nh4
24.Bf3 Rg7 25.Rb2 Nxf3+ 26.Qxf3 Bg4 27.Qf2 Qxh5 28.Na5 Rh7 29.h3 Bc8 30.Qf3 Qg5
31.Kf2 Nf6 32.Ke1 Rg7 33.Kd1 Ng4 34.Rh1 Ne3+ 35.Kc1 Qh4 36.Rf2 Bg4 37.hxg4 Qxh1+
38.Kb2 bxc6 39.dxc6 Rb8 40.b7 Rc7 41.Qe2 Rxc6 42.Nxc6 Rxb7+ 43.Ka2 Rc7 44.Nd5 Rxc6
45.Nxe3 fxe3 46.Qxe3 Qh6 47.Qb3+ Kh8 48.g5 Qg7 49.Rf7 Rc2+ 50.Bb2  1-0

[Event "Berliner Sommer"]
[Site "Berlin"]
[Date "1997.??.??"]
[Round "4"]
[White "Hammes, Michael"]
[Black "Lachmann, Utz"]
[Result "1/2-1/2"]
[WhiteElo "2310"]
[BlackElo "2100"]

1.d4 Nf6 2.Nf3 d6 3.c4 g6 4.Nc3 Bg7 5.e4 O-O 6.Be2 e5 7.O-O Nc6 8.d5 Ne7
9.Nd2 Nd7 10.b4 f5 11.c5 Nf6 12.f3 Nh5 13.Nc4 a6 14.a4 Nf4 15.Ba3 Bd7 16.Qc2 Nc8
17.b5 axb5 18.axb5 Bf6 19.Bb4 Rxa1 20.Rxa1 fxe4 21.fxe4 dxc5 22.Bxc5 Be7
23.Be3 Bb4 24.Bf1 Qe7 25.Na4 Bxb5 26.g3 Nh5 27.Qb3 Bxa4 28.Rxa4 Bc5 29.Ra1 Bxe3+
30.Qxe3 Nd6 31.Nd2 Nf6 32.Bh3 Kg7 33.Be6 Nb5 34.Nf3 Qb4 35.Nxe5 Qxe4 36.Qxe4 Nxe4
37.Bd7 Nbc3 38.Be6 Ne2+ 39.Kh1 N2c3 40.Ra7 Nd6 41.Nd7 Re8 42.Nc5 Ncb5 43.Ra1 Nd4
44.Re1 N4b5 45.Ra1 b6 46.Nd7 Nd4 47.Rc1 Nxe6 48.dxe6 Rxe6 49.Rxc7 Re7 50.Nc5 Rxc7
51.Ne6+ Kf6 52.Nxc7 Ke5 53.Kg2 Ke4 54.Kf2 Kd3 55.Kf3 b5 56.Kf4 b4 57.Na6 Kc4
58.Nxb4 Kxb4 59.Kg5 Nf5 60.g4 Ne3 61.Kh6 Nxg4+ 62.Kxh7 Ne5 63.Kh6 Kc5 64.h4 Kd6
65.h5  1/2-1/2

[Event "Berliner Sommer"]
[Site "Berlin"]
[Date "1997.??.??"]
[Round "6"]
[White "Ikonnikov, Vyacheslav"]
[Black "Hillarp Persson, Tiger"]
[Result "1/2-1/2"]
[WhiteElo "2550"]
[BlackElo "2445"]

1.d4 Nf6 2.Nf3 g6 3.c4 Bg7 4.Nc3 O-O 5.e4 d6 6.Be2 e5 7.O-O Nc6 8.d5 Ne7
9.Ne1 Ne8 10.Be3 f5 11.f3 Kh8 12.c5 Ng8 13.Kh1 Bh6 14.Bg1 Ngf6 15.Nd3 Nh5
16.g3 fxe4 17.Nxe4 Nef6 18.Qb3 Bf5 19.Ndf2 dxc5  1/2-1/2

[Event "Berliner Sommer"]
[Site "Berlin"]
[Date "1997.??.??"]
[Round "9"]
[White "Lipinsky, Fabian"]
[Black "Melkumjanc, Nikolaj"]
[Result "0-1"]
[WhiteElo "2410"]
[BlackElo "2270"]

1.d4 Nf6 2.c4 g6 3.Nf3 Bg7 4.Nc3 O-O 5.e4 d6 6.Be2 e5 7.O-O Nc6 8.d5 Ne7
9.Ne1 c6 10.Be3 cxd5 11.cxd5 Ne8 12.f3 f5 13.a4 f4 14.Bf2 g5 15.Rc1 Rf7 16.Nb5 b6
17.a5 Bd7 18.axb6 axb6 19.Qb3 Nc8 20.Nc2 h5 21.Nca3 g4 22.Rc6 Qg5 23.fxg4 hxg4
24.g3 f3 25.Bc4 Bh6 26.Nc2 Qh5 27.Be3 Rh7 28.Bxh6 Qxh6 29.Rf2 Nf6 30.Nxd6 Nxd6
31.Rxd6 Qc1+ 32.Rf1 Qh6 33.Rf2 Ba4 34.Qxb6 Bxc2 35.Rxc2 Rb7 36.Rd8+ Rxd8
37.d6+ Kg7 38.Qxb7+ Rd7 39.Qb6 Nxe4 40.Bb5 Qxd6 41.Qxd6 Rxd6 42.Rc7+ Kf6
43.Rc6 Ke6 44.Rxd6+ Nxd6 45.Bc6 e4 46.Kf2 Ke5 47.Bd7 Nf5 48.b4 e3+ 49.Kf1 Nd4
50.Ba4 Ke4 51.b5 Kd3 52.Ke1 e2  0-1